مكتبة جامعة عجلون الوطنية

فهرس بحث المكتبة

Normal view MARC view
  • القرآن الكريم - إعجاز - بلاغة - تذوق جمالي

Entry Topical Term

Number of records used in: 1

001 - CONTROL NUMBER

  • control field: 48315

003 - CONTROL NUMBER IDENTIFIER

  • control field: JO-AjAnu

005 - DATE AND TIME OF LATEST TRANSACTION

  • control field: 20230606081953.0

008 - FIXED-LENGTH DATA ELEMENTS

  • fixed length control field: 230606|| aca||aabn | a|a d

040 ## - CATALOGING SOURCE

  • Original cataloging agency: JO-AjAnu
  • Transcribing agency: JO-AjAnu

150 ## - HEADING--TOPICAL TERM

  • Topical term or geographic name entry element: القرآن الكريم - إعجاز - بلاغة - تذوق جمالي

670 ## - SOURCE DATA FOUND

  • Source citation: Work cat.: (JO-AjAnu)24718: تأليف السعودي، أحمد عطية, author 48314, جماليات الخطاب القرآني: مدارسة في إعجاز النص والتذوق الجمالي لآي الذكر